LEADER 03804oam 2200697 c 450 001 996352545503316 005 20231110214532.0 010 $a3-8394-4895-6 024 7 $a10.14361/9783839448953 035 $a(CKB)4100000011249120 035 $a(DE-B1597)549808 035 $a(DE-B1597)9783839448953 035 $a(OCoLC)1163878064 035 $a(MiAaPQ)EBC6751646 035 $a(Au-PeEL)EBL6751646 035 $a(transcript Verlag)9783839448953 035 $a(MiAaPQ)EBC6956101 035 $a(Au-PeEL)EBL6956101 035 $a(oapen)https://directory.doabooks.org/handle/20.500.12854/71154 035 $a(MiAaPQ)EBC30591655 035 $a(Au-PeEL)EBL30591655 035 $a(EXLCZ)994100000011249120 100 $a20220221d2020 uy 0 101 0 $ager 135 $aur||#|||||||| 181 $ctxt$2rdacontent 182 $cc$2rdamedia 183 $acr$2rdacarrier 200 10$aEingeschlossene Ra?ume$eDas Motiv der Box im Film$fNepomuk Zettl 205 $a1st ed. 210 $aBielefeld$ctranscript Verlag$d2020 215 $a1 online resource (330 p.) 225 0 $aFilm 311 0 $a3-8376-4895-8 327 $aFrontmatter 1 Inhalt 5 Dank 9 1. Einleitung 11 2. Magische Ka?sten 39 3. Die Bu?chse der Pandora 73 4. Spuren zwischen Objekt und Motiv 103 5. Bildsegmente im filmischen Raum 131 6. Rahmen und Schachtelungen 155 7. Zeitra?ume und Objektrelationen im filmischen Verlauf 189 8. Erinnerungskisten und eingeschlossenes Wissen 219 9. Resonanzra?ume und Inversion 241 10. In nuce 277 Bibliographie 285 Filmographie 317 Bildnachweis 325 330 $aVon Georges Me?lie?s u?ber Alfred Hitchcock bis hin zu David Lynch - das Motiv der Box taucht in der Filmgeschichte immer wieder auf. Dabei konfrontiert es die BetrachterInnen mit einem medialen Paradox: Die Box ist sichtbar und umschließt zugleich einen Raum, der verborgen bleibt. Als Motiv birgt jede Box eine eigene Geschichte, die sich im Laufe des Films entfaltet. Damit ermo?glicht sie eine kritische Perspektive auf das, was scheinbar selbsterkla?rend vor unseren Augen liegt. Ausgehend von konkreten Filmanalysen untersucht Nepomuk Zettl ra?umliche Einschlu?sse im Film auf ihre narrativen, a?sthetischen und epistemologischen Dimensionen und legt damit die erste Studie zu diesem omnipra?senten, aber bislang u?bersehenen Motiv vor. 330 1 $a»Das Buch enthu?llt viele Geheimnisse.« Hans Helmut Prinzler, www.hhprinzler.de, 21.10.2020 410 0$aFilm 606 $aFilm; Motiv; Epistemologie; Box; Raum; Schachtel; Kiste; Narratologie; Georges Me?lie?s; Alfred Hitchcock; David Lynch; Inszenierung; Kino; Filmgeschichte; Medienwissenschaft; Epistemology; Space; Narratology; Staging; Cinema; Film History; Media Studies; 610 $aAlfred Hitchcock. 610 $aBox. 610 $aCinema. 610 $aDavid Lynch. 610 $aEpistemology. 610 $aFilm History. 610 $aGeorges Méliès. 610 $aMedia Studies. 610 $aMotiv. 610 $aNarratology. 610 $aSpace. 610 $aStaging. 615 4$aFilm; Motiv; Epistemologie; Box; Raum; Schachtel; Kiste; Narratologie; Georges Me?lie?s; Alfred Hitchcock; David Lynch; Inszenierung; Kino; Filmgeschichte; Medienwissenschaft; Epistemology; Space; Narratology; Staging; Cinema; Film History; Media Studies; 676 $a791 700 $aZettl$b Nepomuk$pUniversita?t Zu?rich, Schweiz$4aut$01204657 712 02$aSwiss National Science Foundation (SNSF)$4fnd$4http://id.loc.gov/vocabulary/relators/fnd 801 0$bDE-B1597 801 1$bDE-B1597 906 $aBOOK 912 $a996352545503316 996 $aEingeschlossene Ra?ume$92780257 997 $aUNISA LEADER 03613oam 2200877 c 450 001 9910346051903321 005 20260302090207.0 010 $a9783837649772 010 $a3837649776 024 7 $a10.14361/9783839449776 035 $a(CKB)4100000009681706 035 $a(OAPEN)1005790 035 $a(DE-B1597)528724 035 $a(OCoLC)1129178132 035 $a(DE-B1597)9783839449776 035 $a(MiAaPQ)EBC6637698 035 $a(Au-PeEL)EBL6637698 035 $a(OCoLC)1163840957 035 $a(Bielefeld University Press)9783839449776 035 $a(MiAaPQ)EBC6956114 035 $a(Au-PeEL)EBL6956114 035 $a(oapen)https://directory.doabooks.org/handle/20.500.12854/34119 035 $a(ScCtBLL)0e3dc4a1-4e1d-4fc8-88a8-812d40f8dc29 035 $a(oapen)doab34119 035 $a(EXLCZ)994100000009681706 100 $a20260302d2019 uy 0 101 0 $aeng 135 $auuuuu---auuuu 181 $ctxt$2rdacontent 182 $cc$2rdamedia 183 $acr$2rdacarrier 200 10$aAre We Comparing Yet?$eOn Standards, Justice, and Incomparability$fHaun Saussy 205 $a1st ed. 210 $aBielefeld$cBielefeld University Press$d2019 215 $a1 online resource (112) 225 0 $aBiUP General 311 08$a9783839449776 311 08$a3839449774 320 $aIncludes bibliographical references. 327 $aFrontmatter 1 Contents 5 The Problem 7 The Unique, the Comparative and the Competitive 9 Reckoning with the Other 19 The Family of Comparisons 29 The Elasticity of Substitution 39 Negative Privilege 47 Birds of a Feather 63 Noli me tangere 71 Near and Far 81 A Museum Without Walls for Walls Without a Museum 91 Making Room 99 Envoi 109 Acknowledgments 111 330 $aDebates about the possibility of an open culture ? or indeed about the possibility of an open debate about the openness of culture ? often turn on questions of standards. But since no benchmark can be absolute, judgement is a proliferation of comparisons.Through a series of case studies in everyday and academic comparison (literature, history, politics, philosophy), Haun Saussy calls out the typical vices of comparison and proposes ways to unseat them. For however much it is abused, distorted, and manipulated, comparison retains an essential link to the idea of justice. 517 2 $aSaussy, Are We Comparing Yet?$eOn Standards, Justice, and Incomparability 606 $aComparison 606 $aEthics 606 $aHistory 606 $aEurocentrism 606 $aCritique 606 $aLiterature 606 $aCulture 606 $aGeneral Literature Studies 606 $aCultural Theory 606 $aCultural History 606 $aCultural Studies 606 $aBielefeld University Press 615 4$aComparison 615 4$aEthics 615 4$aHistory 615 4$aEurocentrism 615 4$aCritique 615 4$aLiterature 615 4$aCulture 615 4$aGeneral Literature Studies 615 4$aCultural Theory 615 4$aCultural History 615 4$aCultural Studies 615 4$aBielefeld University Press 676 $a121 700 $aSaussy$b Haun$p

Haun Saussy, University of Chicago, USA

$4aut$0694849 712 02$aFörderung Deutsche Forschungsgemeinschaft (DFG) (SFB 1288)$4fnd$4http://id.loc.gov/vocabulary/relators/fnd 801 0$bMiAaPQ 801 1$bMiAaPQ 801 2$bMiAaPQ 906 $aBOOK 912 $a9910346051903321 996 $aAre We Comparing Yet$92181267 997 $aUNINA